La vida de los mayas /

El estudio está enfocado en la Epoca Prehispánica y la Colonial.

Wedi'i Gadw mewn:
Manylion Llyfryddiaeth
Prif Awdur: Blom, Frans (autor)
Fformat: Llyfr
Iaith:Sbaeneg
Cyfres:(Biblioteca Enciclopédica Popular ; 25)
Pynciau:
Tagiau: Ychwanegu Tag
Dim Tagiau, Byddwch y cyntaf i dagio'r cofnod hwn!

MARC

LEADER 00000nam^a2200000^a^4500
001 000137703
005 20250521000000.0
009 20260310095404.528
037 |a Acervo ITESO - Biblioteca 
041 |a ESP 
082 |a 972.  |b BLO 
100 |a Blom, Frans  |e (autor) 
245 1 3 |a La vida de los mayas /  |c F. Blom. 
264 |a México :  |b Secretaría de Educación Pública,  |c 1945 
300 |a 90 p. 
336 |a texto  |b txt  |2 rdacontenido 
337 |a sin mediación  |b n  |2 rdamedio 
338 |a volumen  |b nc  |2 rdasoporte 
440 1 |a (Biblioteca Enciclopédica Popular ;  |v 25) 
520 |a El estudio está enfocado en la Epoca Prehispánica y la Colonial. 
649 |a XX 
650 |a Mayas -  |x Historia 
650 |a Indígenas de México -  |x Historia 
650 |a México -  |x Historia -  |y Epoca Prehispánica 
650 |a México -  |x Historia -  |y Epoca Colonial, 1517-1821 
910 |a Fondo Salvador Reynoso Reynoso 
920 |a Impresos - Libros 
930 |a Fondos Especiales 
905 |a 112 
901 |a 0800014477  |b IT2  |c ESP  |u 20250521 
902 |a https://opac.biblio.iteso.mx/vufind/Record/000137703